[Event "USCL Week 7"]
[Site "Internet Chess Club"]
[Date "2012.10.17"]
[Round "?"]
[White "Shankland, Sam"]
[Black "Kekelidze, Mikheil"]
[Result "1/2-1/2"]
[WhiteElo "2676"]
[BlackElo "2628"]
[PlyCount "149"]
[EventDate "2012.??.??"]

1. e4 c5 2. Nf3 e6 3. d4 cxd4 4. Nxd4 a6 5. Be2 Ne7 6. O-O Nec6 7. c4 Nxd4 8.
Qxd4 Nc6 9. Qc3 Qh4 10. f4 Bc5+ 11. Be3 Qe7 12. e5 O-O 13. Nd2 d5 14. cxd5
Bxe3+ 15. Qxe3 exd5 16. Nb3 f6 17. Bf3 fxe5 18. Bxd5+ Be6 19. Bxc6 bxc6 20.
fxe5 Bd5 21. Nd4 Rae8 22. Rxf8+ Rxf8 23. Re1 Qh4 24. e6 Qg4 25. g3 Qh3 26. Qe2
h5 27. e7 Re8 28. Nf3 Qg4 29. Nh4 Qd4+ 30. Qf2 Qxf2+ 31. Kxf2 Kf7 32. Nf5 Kf6
33. Nd6 Rxe7 34. Ne8+ Kf7 35. Rxe7+ Kxe7 36. Nxg7 Bf7 37. Nf5+ Kf6 38. Nd4 Bxa2
39. Nxc6 Kf5 40. Nb4 Bc4 41. Kf3 a5 42. Nc2 Bd5+ 43. Ke3 Kg4 44. Kf2 Kh3 45.
Kg1 h4 46. Ne3 Be4 47. g4 a4 48. g5 Bb1 49. Kf2 Be4 50. Kg1 Bb1 51. Nd1 Kg4 52.
Nc3 Bc2 53. g6 Bxg6 54. Nxa4 Kf3 55. b4 Be8 56. Nb6 Ke4 57. Kf2 Bc6 58. Nc4 Kd4
59. Na3 Bb7 60. Nb5+ Kd5 61. Ke3 Bc8 62. Na3 Bd7 63. Kd3 Bf5+ 64. Kc3 Bd7 65.
Nc2 Ke4 66. Ne1 Bb5 67. Kd2 h3 68. Nc2 Ba4 69. Na3 Kf3 70. b5 Bxb5 71. Nxb5 Kg2
72. Ke3 Kxh2 73. Kf2 Kh1 74. Nc3 h2 75. Ne4 1/2-1/2

[Event "USCL Week 7"]
[Site "Internet Chess Club"]
[Date "2012.10.17"]
[Round "?"]
[White "Otchiyev, Arslan"]
[Black "Riordan, Charles"]
[Result "0-1"]
[WhiteElo "2399"]
[BlackElo "2438"]
[PlyCount "82"]
[EventDate "2012.??.??"]

1. e4 c5 2. Nf3 d6 3. d4 cxd4 4. Nxd4 Nf6 5. Nc3 Nc6 6. Bc4 Bd7 7. Be3 Ng4 8.
Nxc6 bxc6 9. Bc1 g6 10. h3 Nf6 11. O-O Bg7 12. f4 Qa5 13. Bb3 O-O 14. Be3 Qc7
15. Qe2 a5 16. a4 Be6 17. Bxe6 fxe6 18. Qc4 d5 19. Qd3 Nh5 20. Ne2 Bxb2 21.
Rab1 Bg7 22. e5 g5 23. g3 gxf4 24. gxf4 c5 25. Bd2 Bh6 26. c4 Kh8 27. Kh2 Qc6
28. Rb5 dxc4 29. Qxc4 Rg8 30. Rf2 Rad8 31. Rxc5 Qd7 32. Bxa5 Ra8 33. Qc2 Raf8
34. Bd2 Rf7 35. Be3 Rfg7 36. Qd2 Qb7 37. Nd4 Rg1 38. Nc6 Ng3 39. Qb2 Nf1+ 40.
Rxf1 Qxb2+ 41. Rf2 R8g2+ 0-1

[Event "USCL Week 7"]
[Site "Internet Chess Club"]
[Date "2012.10.17"]
[Round "?"]
[White "Chandran, Kapil"]
[Black "Pellows, Bennet"]
[Result "1-0"]
[WhiteElo "2246"]
[BlackElo "2152"]
[PlyCount "85"]
[EventDate "2012.??.??"]

1. e4 e6 2. d4 d5 3. Nc3 Nf6 4. e5 Nfd7 5. f4 c5 6. Nf3 Nc6 7. Be3 a6 8. Qd2 b5
9. a3 g5 10. Nxg5 cxd4 11. Bxd4 Nxd4 12. Qxd4 Bc5 13. Qd2 Qb6 14. Nd1 Qa7 15.
Nf3 Bb6 16. Bd3 Nc5 17. Nf2 Bb7 18. Qe2 Rg8 19. O-O h6 20. Kh1 Na4 21. Nd1 Rg7
22. f5 O-O-O 23. f6 Rg4 24. b3 Nc5 25. Nf2 Rgg8 26. a4 b4 27. a5 Bc7 28. Qe1
Qa8 29. Qxb4 d4 30. Nh3 Rxg2 31. Kxg2 Rg8+ 32. Kf2 Nxd3+ 33. cxd3 Bxf3 34. Rg1
Bg2 35. Ng5 Qd5 36. Rxg2 Qxe5 37. Re1 Qf5+ 38. Nf3 Rxg2+ 39. Kxg2 Qg6+ 40. Kf2
Qxd3 41. Qxd4 Qxb3 42. Rc1 Qa2+ 43. Qd2 1-0

[Event "USCL Week 7"]
[Site "Internet Chess Club"]
[Date "2012.10.17"]
[Round "?"]
[White "Bodek, Michael"]
[Black "Kaufman, Larry"]
[Result "0-1"]
[WhiteElo "2409"]
[BlackElo "2445"]
[PlyCount "108"]
[EventDate "2012.??.??"]

1. e4 e6 2. d4 d5 3. exd5 exd5 4. Nf3 Nf6 5. Bd3 Bd6 6. Qe2+ Qe7 7. Qxe7+ Kxe7
8. O-O Re8 9. Nc3 c6 10. Bg5 h6 11. Rae1+ Be6 12. Bxf6+ Kxf6 13. Ne5 g5 14. f4
gxf4 15. Rxf4+ Kg7 16. Ne2 f6 17. Nf3 Na6 18. Bxa6 bxa6 19. Rh4 Bf5 20. c3 Rab8
21. b3 a5 22. Kf2 Bg6 23. Nd2 Re7 24. Nf4 Rxe1 25. Kxe1 Re8+ 26. Kf2 Bxf4 27.
Rxf4 Bd3 28. Kg3 Re1 29. c4 Ra1 30. cxd5 cxd5 31. Rf3 Bg6 32. a4 Ra2 33. Nf1
Rb2 34. Rc3 Rc2 35. Rc5 Be4 36. Rxa5 Rxg2+ 37. Kh3 Rb2 38. Ng3 Rxb3 39. Rxa7+
Kg6 40. Kg4 h5+ 41. Kh4 Bf3 42. Rc7 Rd3 43. Rc2 Rxd4+ 44. Kh3 Rxa4 45. Nf1 Be4
46. Rd2 Ra3+ 47. Ng3 Rd3 48. Rf2 Rf3 49. Re2 f5 50. Kh4 Rf4+ 51. Kh3 Rf3 52.
Kh4 Rf4+ 53. Kh3 d4 54. Ra2 d3 0-1

[Event "USCL Week 7"]
[Site "Internet Chess Club"]
[Date "2012.10.17"]
[Round "?"]
[White "Defibaugh, Jared"]
[Black "Williams, Justus"]
[Result "1-0"]
[WhiteElo "2357"]
[BlackElo "2331"]
[PlyCount "53"]
[EventDate "2012.??.??"]

1. d4 Nf6 2. Nf3 e6 3. c4 b6 4. g3 Ba6 5. b3 Bb4+ 6. Bd2 Be7 7. Bg2 c6 8. Bc3
d5 9. Nbd2 O-O 10. Qc2 Nbd7 11. e4 dxe4 12. Nxe4 Qc7 13. O-O Bb7 14. Nxf6+ Nxf6
15. Rfe1 h6 16. Rad1 c5 17. d5 exd5 18. Be5 Qd7 19. cxd5 Nxd5 20. Bxg7 Kxg7 21.
Ne5 Qd8 22. Qc4 b5 23. Qg4+ Kh8 24. Qf5 Qc8 25. Qh5 Nf6 26. Qxh6+ Kg8 27. Ng6
1-0

[Event "USCL Week 7"]
[Site "Internet Chess Club"]
[Date "2012.10.17"]
[Round "?"]
[White "Katz, Alexander"]
[Black "Zimmer, Ralph"]
[Result "1-0"]
[WhiteElo "2250"]
[BlackElo "2304"]
[PlyCount "57"]
[EventDate "2012.??.??"]

1. e4 d5 2. exd5 Qxd5 3. Nc3 Qa5 4. d4 Nf6 5. Bc4 c6 6. Bd2 Qc7 7. Nf3 Bf5 8.
Ne5 e6 9. Qe2 Nbd7 10. O-O-O Be7 11. f3 Nxe5 12. dxe5 Nd7 13. g4 Bg6 14. f4 b5
15. Bb3 Nc5 16. Qf3 b4 17. f5 bxc3 18. Bxc3 Nxb3+ 19. cxb3 a5 20. h4 Rd8 21.
Rxd8+ Bxd8 22. h5 exf5 23. hxg6 fxg6 24. gxf5 gxf5 25. Qxf5 g6 26. Qe6+ Be7 27.
Kb1 Qd7 28. Qxd7+ Kxd7 29. e6+ 1-0